[Event "DEM U18 2017"]
[Site "Willingen GER"]
[Date "2017.06.06"]
[Round "5"]
[White "Pallas, Sebastian"]
[Black "Reindl, Arno"]
[Result "1-0"]
[Termination "normal"]
[Board "9"]
[WhiteElo "2185"]
[BlackElo "2013"]
[WhiteClock "00:03:05"]
[BlackClock "00:57:54"]
[PlyCount "113"]
[WhiteFideId "12905453"]
[BlackFideId "12946729"]
[EventCountry "GER"]
[EventRounds "9"]
[EventType "swiss"]
[EventDate "2017.06.03"]

1. e4 {[%clk 1:30:56]} 1... c5 {[%clk 1:30:53]} 2. Nf3 {[%clk 1:31:13]} 2... d6
{[%clk 1:31:16]} 3. d4 {[%clk 1:31:22]} 3... cxd4 {[%clk 1:31:40]} 4. Nxd4 {
[%clk 1:31:41]} 4... Nf6 {[%clk 1:32:05]} 5. Nc3 {[%clk 1:31:30]} 5... g6 {
[%clk 1:32:29]} 6. Be3 {[%clk 1:30:49]} 6... Bg7 {[%clk 1:32:53]} 7. f3 { [%clk
1:30:25]} 7... O-O {[%clk 1:33:16]} 8. Qd2 {[%clk 1:30:14]} 8... Nc6 { [%clk
1:33:40]} 9. Bc4 {[%clk 1:29:58]} 9... Bd7 {[%clk 1:34:04]} 10. O-O-O { [%clk
1:29:37]} 10... Rc8 {[%clk 1:34:30]} 11. Be2 {[%clk 1:29:15]} 11... a6 { [%clk
1:34:55]} 12. Kb1 {[%clk 1:26:47]} 12... b5 {[%clk 1:35:06]} 13. g4 { [%clk
1:22:25]} 13... Nxd4 {[%clk 1:35:28]} 14. Bxd4 {[%clk 1:22:37]} 14... e5 {[%clk
1:35:51]} 15. Be3 {[%clk 1:11:55]} 15... b4 {[%clk 1:36:11]} 16. Nd5 { [%clk
1:11:35]} 16... Nxd5 {[%clk 1:36:20]} 17. exd5 {[%clk 1:10:48]} 17... Qa5
{[%clk 1:35:56]} 18. h4 {[%clk 1:04:29]} 18... Rc7 {[%clk 1:33:48]} 19. h5 {
[%clk 0:55:33]} 19... Rfc8 {[%clk 1:33:58]} 20. Bd3 {[%clk 0:46:52]} 20... Qxd5
{[%clk 1:21:14]} 21. hxg6 {[%clk 0:46:27]} 21... hxg6 {[%clk 1:20:34]} 22. Bxg6
{[%clk 0:44:18]} 22... Qxd2 {[%clk 1:20:44]} 23. Bh7+ {[%clk 0:44:40]} 23...
Kf8 {[%clk 1:21:07]} 24. Rxd2 {[%clk 0:33:04]} 24... Bc6 {[%clk 1:19:22]} 25.
Bf5 {[%clk 0:29:18]} 25... Rb8 {[%clk 1:18:57]} 26. Rh3 {[%clk 0:27:29]} 26...
Ke7 {[%clk 1:15:25]} 27. Bg5+ {[%clk 0:26:56]} 27... f6 {[%clk 1:14:10]} 28.
Rh7 {[%clk 0:26:47]} 28... Rg8 {[%clk 1:08:34]} 29. Bh6 {[%clk 0:25:49]} 29...
Kf8 {[%clk 1:06:39]} 30. Rxd6 {[%clk 0:25:11]} 30... Bxf3 {[%clk 1:06:48]} 31.
Rxf6+ {[%clk 0:23:03]} 31... Rf7 {[%clk 1:07:05]} 32. Rb6 {[%clk 0:14:58]}
32... Bb7 {[%clk 1:05:05]} 33. Be6 {[%clk 0:12:51]} 33... Rf1+ {[%clk 1:04:50]}
34. Bc1 {[%clk 0:13:16]} 34... Be4 {[%clk 1:03:53]} 35. Bxg8 {[%clk 0:10:28]}
35... Kxg8 {[%clk 1:04:09]} 36. Rh2 {[%clk 0:10:29]} 36... Bf6 {[%clk 1:01:39]}
37. Rh6 {[%clk 0:06:26]} 37... Kg7 {[%clk 1:01:24]} 38. Rhxf6 {[%clk 0:05:19]}
38... Rxf6 {[%clk 1:01:44]} 39. Rxb4 {[%clk 0:05:38]} 39... Bf3 {[%clk 1:01:22]
} 40. b3 {[%clk 0:05:22]} 40... Kg6 {[%clk 1:01:04]} 41. Be3 {[%clk 0:04:57]}
41... e4 {[%clk 1:00:19]} 42. Kb2 {[%clk 0:04:53]} 42... Re6 {[%clk 1:00:16]}
43. g5 {[%clk 0:04:49]} 43... Kf5 {[%clk 1:00:02]} 44. a4 {[%clk 0:03:56]}
44... Kg4 {[%clk 0:59:55]} 45. a5 {[%clk 0:03:38]} 45... Be2 {[%clk 0:59:19]}
46. Rb6 {[%clk 0:03:58]} 46... Re7 {[%clk 0:58:56]} 47. Rf6 {[%clk 0:04:19]}
47... Bb5 {[%clk 0:57:50]} 48. c4 {[%clk 0:01:28]} 48... Be8 {[%clk 0:58:05]}
49. Kc3 {[%clk 0:01:15]} 49... Rf7 {[%clk 0:56:18]} 50. Rxf7 {[%clk 0:00:45]}
50... Bxf7 {[%clk 0:56:42]} 51. Kd4 {[%clk 0:01:10]} 51... Kf3 {[%clk 0:57:00]}
52. Bc1 {[%clk 0:01:20]} 52... Be8 {[%clk 0:56:43]} 53. b4 {[%clk 0:01:38]}
53... Bf7 {[%clk 0:57:06]} 54. b5 {[%clk 0:01:57]} 54... axb5 {[%clk 0:57:14]}
55. cxb5 {[%clk 0:02:24]} 55... Be8 {[%clk 0:57:29]} 56. b6 {[%clk 0:02:40]}
56... Bc6 {[%clk 0:57:54]} 57. g6 {[%clk 0:03:05]} 1-0

[Event "DEM U18 2017"]
[Site "Willingen GER"]
[Date "2017.06.06"]
[Round "5"]
[White "Ravina, David"]
[Black "Karsay, Pascal"]
[Result "1/2-1/2"]
[Termination "normal"]
[Board "10"]
[WhiteElo "2236"]
[BlackElo "2141"]
[WhiteClock "00:05:48"]
[BlackClock "00:03:58"]
[PlyCount "67"]
[WhiteFideId "12921858"]
[BlackFideId "12953474"]
[EventCountry "GER"]
[EventRounds "9"]
[EventType "swiss"]
[EventDate "2017.06.03"]

1. e4 {[%clk 1:30:58]} 1... c5 {[%clk 1:30:56]} 2. Nf3 {[%clk 1:31:24]} 2... e6
{[%clk 1:31:20]} 3. b3 {[%clk 1:31:52]} 3... b6 {[%clk 1:31:45]} 4. d4 { [%clk
1:32:18]} 4... cxd4 {[%clk 1:32:01]} 5. Nxd4 {[%clk 1:32:43]} 5... a6 { [%clk
1:32:26]} 6. Bd3 {[%clk 1:32:56]} 6... Qc7 {[%clk 1:32:05]} 7. O-O { [%clk
1:33:12]} 7... Nf6 {[%clk 1:31:51]} 8. c4 {[%clk 1:22:54]} 8... d6 { [%clk
1:31:21]} 9. Bb2 {[%clk 1:23:14]} 9... Nbd7 {[%clk 1:30:24]} 10. Qe2 { [%clk
1:22:24]} 10... g6 {[%clk 1:15:44]} 11. Nc3 {[%clk 1:16:21]} 11... Bg7 { [%clk
1:14:33]} 12. Rad1 {[%clk 1:16:26]} 12... O-O {[%clk 1:13:12]} 13. Bb1 { [%clk
1:12:33]} 13... Bb7 {[%clk 1:04:44]} 14. Kh1 {[%clk 0:56:00]} 14... Rfe8 {[%clk
0:47:58]} 15. f3 {[%clk 0:54:29]} 15... d5 {[%clk 0:44:21]} 16. Rc1 { [%clk
0:42:30]} 16... dxc4 {[%clk 0:30:30]} 17. Nd1 {[%clk 0:42:23]} 17... b5 { [%clk
0:29:32]} 18. bxc4 {[%clk 0:38:41]} 18... b4 {[%clk 0:28:36]} 19. c5 { [%clk
0:36:54]} 19... Nxc5 {[%clk 0:25:18]} 20. Nb3 {[%clk 0:37:13]} 20... Nfd7
{[%clk 0:24:00]} 21. Bxg7 {[%clk 0:35:11]} 21... Kxg7 {[%clk 0:24:25]} 22. Nxc5
{[%clk 0:35:08]} 22... Nxc5 {[%clk 0:24:44]} 23. Qb2+ {[%clk 0:35:14]} 23... e5
{[%clk 0:24:19]} 24. Qxb4 {[%clk 0:35:25]} 24... Rac8 {[%clk 0:23:55]} 25. Ne3
{[%clk 0:33:14]} 25... Qe7 {[%clk 0:21:55]} 26. Nc4 {[%clk 0:29:59]} 26... Red8
{[%clk 0:19:35]} 27. Rc3 {[%clk 0:17:00]} 27... Rd4 {[%clk 0:17:03]} 28. Qa3 {
[%clk 0:17:04]} 28... Qf6 {[%clk 0:15:29]} 29. Ne3 {[%clk 0:12:36]} 29... Qb6 {
[%clk 0:14:05]} 30. Qc1 {[%clk 0:10:55]} 30... Qd6 {[%clk 0:07:56]} 31. Nc4 {
[%clk 0:10:32]} 31... Qc7 {[%clk 0:07:13]} 32. Ne3 {[%clk 0:09:01]} 32... Qd6 {
[%clk 0:03:57]} 33. Nc4 {[%clk 0:06:14]} 33... Qc7 {[%clk 0:03:58]} 34. Ne3 {
[%clk 0:05:48]} 1/2-1/2

[Event "DEM U18 2017"]
[Site "Willingen GER"]
[Date "2017.06.06"]
[Round "5"]
[White "Küppers, Timo"]
[Black "Hesse, Henrik"]
[Result "0-1"]
[Termination "normal"]
[Board "11"]
[WhiteElo "2192"]
[BlackElo "2161"]
[WhiteClock "00:12:43"]
[BlackClock "00:05:55"]
[PlyCount "60"]
[WhiteFideId "16205820"]
[BlackFideId "12952060"]
[EventCountry "GER"]
[EventRounds "9"]
[EventType "swiss"]
[EventDate "2017.06.03"]

1. e4 {[%clk 1:30:56]} 1... e5 {[%clk 1:29:08]} 2. Nf3 {[%clk 1:31:21]} 2...
Nf6 {[%clk 1:29:34]} 3. Nxe5 {[%clk 1:31:47]} 3... d6 {[%clk 1:30:00]} 4. Nf3 {
[%clk 1:32:14]} 4... Nxe4 {[%clk 1:30:23]} 5. d4 {[%clk 1:32:41]} 5... d5 {
[%clk 1:29:27]} 6. Bd3 {[%clk 1:33:07]} 6... Nc6 {[%clk 1:29:52]} 7. O-O {
[%clk 1:33:22]} 7... Be7 {[%clk 1:30:15]} 8. c4 {[%clk 1:33:48]} 8... Nb4 {
[%clk 1:22:54]} 9. cxd5 {[%clk 1:33:47]} 9... Nxd3 {[%clk 1:19:46]} 10. Qxd3 {
[%clk 1:34:03]} 10... Qxd5 {[%clk 1:20:10]} 11. Re1 {[%clk 1:34:09]} 11... Bf5
{[%clk 1:18:49]} 12. g4 {[%clk 1:34:32]} 12... Bg6 {[%clk 0:59:01]} 13. Nc3 {
[%clk 1:34:51]} 13... Nxc3 {[%clk 0:59:26]} 14. Qxc3 {[%clk 1:35:16]} 14... Qd6
{[%clk 0:53:42]} 15. Qe3 {[%clk 1:30:39]} 15... f6 {[%clk 0:48:23]} 16. Bd2 {
[%clk 1:10:58]} 16... Bf7 {[%clk 0:30:41]} 17. Nh4 {[%clk 0:53:55]} 17... g6 {
[%clk 0:28:59]} 18. Qe2 {[%clk 0:51:32]} 18... c6 {[%clk 0:20:36]} 19. a3 {
[%clk 0:38:36]} 19... a5 {[%clk 0:20:25]} 20. b4 {[%clk 0:36:31]} 20... Qd7 {
[%clk 0:19:26]} 21. bxa5 {[%clk 0:33:29]} 21... Kd8 {[%clk 0:19:32]} 22. Ng2 {
[%clk 0:29:57]} 22... Re8 {[%clk 0:18:08]} 23. Be3 {[%clk 0:26:09]} 23... Bd5 {
[%clk 0:14:35]} 24. h3 {[%clk 0:24:23]} 24... Bd6 {[%clk 0:14:00]} 25. Qd1 {
[%clk 0:13:39]} 25... g5 {[%clk 0:13:46]} 26. Qd2 {[%clk 0:12:36]} 26... h5 {
[%clk 0:11:37]} 27. Qd1 {[%clk 0:12:11]} 27... hxg4 {[%clk 0:08:08]} 28. hxg4 {
[%clk 0:12:26]} 28... Qh7 {[%clk 0:06:59]} 29. f3 {[%clk 0:12:19]} 29... Qh2+ {
[%clk 0:06:40]} 30. Kf1 {[%clk 0:12:43]} 30... Bc4+ {[%clk 0:05:55]} 0-1

[Event "DEM U18 2017"]
[Site "Willingen GER"]
[Date "2017.06.06"]
[Round "5"]
[White "Brunner, Wilken"]
[Black "Schmekel, Florian"]
[Result "0-1"]
[Termination "normal"]
[Board "12"]
[WhiteElo "2037"]
[BlackElo "2029"]
[WhiteClock "01:02:39"]
[BlackClock "00:46:09"]
[PlyCount "52"]
[WhiteFideId "12928771"]
[BlackFideId "12913456"]
[EventCountry "GER"]
[EventRounds "9"]
[EventType "swiss"]
[EventDate "2017.06.03"]

1. d4 {[%clk 1:30:57]} 1... Nf6 {[%clk 1:30:55]} 2. c4 {[%clk 1:31:24]} 2... e6
{[%clk 1:31:19]} 3. Nf3 {[%clk 1:31:48]} 3... b6 {[%clk 1:31:44]} 4. g3 { [%clk
1:32:13]} 4... Bb7 {[%clk 1:32:08]} 5. Bg2 {[%clk 1:32:40]} 5... c5 { [%clk
1:31:49]} 6. O-O {[%clk 1:32:45]} 6... cxd4 {[%clk 1:31:27]} 7. Qxd4 { [%clk
1:33:07]} 7... Be7 {[%clk 1:31:28]} 8. Nc3 {[%clk 1:33:08]} 8... O-O { [%clk
1:30:22]} 9. Rd1 {[%clk 1:33:12]} 9... d6 {[%clk 1:26:14]} 10. Bg5 { [%clk
1:32:48]} 10... Nbd7 {[%clk 1:22:10]} 11. Nb5 {[%clk 1:32:09]} 11... d5 { [%clk
1:21:23]} 12. cxd5 {[%clk 1:32:18]} 12... Nxd5 {[%clk 1:20:59]} 13. Bxe7 {[%clk
1:32:06]} 13... Qxe7 {[%clk 1:21:22]} 14. e4 {[%clk 1:24:58]} 14... N5f6 {[%clk
1:20:14]} 15. Nd6 {[%clk 1:23:58]} 15... Nc5 {[%clk 1:10:16]} 16. e5 { [%clk
1:22:51]} 16... Nd5 {[%clk 1:10:25]} 17. b4 {[%clk 1:21:17]} 17... Na6 { [%clk
1:10:04]} 18. a3 {[%clk 1:21:36]} 18... Rad8 {[%clk 1:08:42]} 19. Qc4 { [%clk
1:20:51]} 19... Nb8 {[%clk 1:01:34]} 20. Nd4 {[%clk 1:20:21]} 20... Ba8 { [%clk
0:57:09]} 21. Rac1 {[%clk 1:17:11]} 21... Nd7 {[%clk 0:55:51]} 22. Qe2 { [%clk
1:10:07]} 22... Nxe5 {[%clk 0:49:45]} 23. Qxe5 {[%clk 1:05:34]} 23... Qxd6
{[%clk 0:48:06]} 24. Qxd6 {[%clk 1:05:17]} 24... Rxd6 {[%clk 0:48:28]} 25. Nb5
{[%clk 1:05:44]} 25... Rd7 {[%clk 0:46:40]} 26. Nc3 {[%clk 1:02:39]} 26... Nxc3
{[%clk 0:46:09]} 0-1

[Event "DEM U18 2017"]
[Site "Willingen GER"]
[Date "2017.06.06"]
[Round "5"]
[White "Carnot, Luca"]
[Black "Philippi, Aidan"]
[Result "1-0"]
[Termination "normal"]
[Board "13"]
[WhiteElo "1946"]
[BlackElo "1664"]
[WhiteClock "00:10:34"]
[BlackClock "00:01:32"]
[PlyCount "65"]
[WhiteFideId "12958964"]
[BlackFideId "16229533"]
[EventCountry "GER"]
[EventRounds "9"]
[EventType "swiss"]
[EventDate "2017.06.03"]

1. Nf3 {[%clk 1:30:57]} 1... Nf6 {[%clk 1:30:53]} 2. d4 {[%clk 1:31:23]} 2...
g6 {[%clk 1:31:10]} 3. Bf4 {[%clk 1:31:02]} 3... Bg7 {[%clk 1:30:57]} 4. e3 {
[%clk 1:31:27]} 4... O-O {[%clk 1:30:16]} 5. h3 {[%clk 1:31:55]} 5... d6 {
[%clk 1:27:51]} 6. Be2 {[%clk 1:32:19]} 6... Nbd7 {[%clk 1:27:39]} 7. O-O {
[%clk 1:32:31]} 7... Ne4 {[%clk 1:27:40]} 8. Nbd2 {[%clk 1:22:58]} 8... Nxd2 {
[%clk 1:22:57]} 9. Qxd2 {[%clk 1:23:13]} 9... e5 {[%clk 1:21:47]} 10. dxe5 {
[%clk 1:22:44]} 10... dxe5 {[%clk 1:22:05]} 11. Bh2 {[%clk 1:22:30]} 11... f5 {
[%clk 1:19:52]} 12. Qb4 {[%clk 1:14:15]} 12... g5 {[%clk 1:12:51]} 13. Rad1 {
[%clk 1:09:00]} 13... f4 {[%clk 1:12:50]} 14. exf4 {[%clk 1:02:56]} 14... gxf4
{[%clk 1:13:12]} 15. Bb5 {[%clk 0:57:24]} 15... c6 {[%clk 1:12:26]} 16. Bc4+ {
[%clk 0:55:10]} 16... Kh8 {[%clk 1:12:49]} 17. Be6 {[%clk 0:54:47]} 17... Qb6 {
[%clk 1:06:45]} 18. Qd6 {[%clk 0:39:35]} 18... Nc5 {[%clk 1:03:54]} 19. Bxc8 {
[%clk 0:36:00]} 19... Raxc8 {[%clk 1:01:13]} 20. Nxe5 {[%clk 0:36:16]} 20...
Qxb2 {[%clk 0:58:53]} 21. Rfe1 {[%clk 0:29:20]} 21... Qc3 {[%clk 0:52:14]} 22.
h4 {[%clk 0:25:12]} 22... Kg8 {[%clk 0:47:03]} 23. Nd7 {[%clk 0:18:10]} 23...
Nxd7 {[%clk 0:40:21]} 24. Qe6+ {[%clk 0:18:39]} 24... Kh8 {[%clk 0:39:16]} 25.
Rxd7 {[%clk 0:18:59]} 25... Qxc2 {[%clk 0:34:13]} 26. Rxb7 {[%clk 0:17:28]}
26... Bd4 {[%clk 0:29:58]} 27. Qe7 {[%clk 0:13:31]} 27... Rg8 {[%clk 0:26:43]}
28. Re2 {[%clk 0:12:53]} 28... Qd1+ {[%clk 0:02:09]} 29. Re1 {[%clk 0:13:22]}
29... Bxf2+ {[%clk 0:02:26]} 30. Kxf2 {[%clk 0:12:51]} 30... Rxg2+ { [%clk
0:02:51]} 31. Kxg2 {[%clk 0:11:51]} 31... Rg8+ {[%clk 0:03:16]} 32. Kf2 { [%clk
0:12:03]} 32... Qd2+ {[%clk 0:01:32]} 33. Qe2 {[%clk 0:10:34]} 1-0

[Event "DEM U18 2017"]
[Site "Willingen GER"]
[Date "2017.06.06"]
[Round "5"]
[White "Vuckovic, Zarko"]
[Black "Silber, Kevin"]
[Result "1/2-1/2"]
[Termination "normal"]
[Board "14"]
[WhiteElo "2063"]
[BlackElo "2048"]
[WhiteClock "01:03:35"]
[BlackClock "00:54:19"]
[PlyCount "45"]
[WhiteFideId "12952087"]
[BlackFideId "12930440"]
[EventCountry "GER"]
[EventRounds "9"]
[EventType "swiss"]
[EventDate "2017.06.03"]

1. e4 {[%clk 1:30:59]} 1... e5 {[%clk 1:30:58]} 2. Nf3 {[%clk 1:31:18]} 2...
Nc6 {[%clk 1:31:24]} 3. d4 {[%clk 1:31:44]} 3... exd4 {[%clk 1:31:50]} 4. Nxd4
{[%clk 1:32:13]} 4... Nf6 {[%clk 1:32:14]} 5. Nxc6 {[%clk 1:32:24]} 5... bxc6 {
[%clk 1:32:38]} 6. Bd3 {[%clk 1:32:52]} 6... d5 {[%clk 1:30:54]} 7. e5 { [%clk
1:33:19]} 7... Nd7 {[%clk 1:30:46]} 8. O-O {[%clk 1:33:46]} 8... Bc5 { [%clk
1:29:52]} 9. Qe2 {[%clk 1:28:48]} 9... Qe7 {[%clk 1:24:51]} 10. Bf4 { [%clk
1:29:15]} 10... O-O {[%clk 1:24:38]} 11. Nd2 {[%clk 1:27:15]} 11... Re8 { [%clk
1:24:31]} 12. Rfe1 {[%clk 1:26:22]} 12... Bb6 {[%clk 1:22:30]} 13. a4 { [%clk
1:16:24]} 13... Qb4 {[%clk 1:14:28]} 14. Bg3 {[%clk 1:16:13]} 14... Qxb2 {[%clk
1:13:31]} 15. a5 {[%clk 1:15:17]} 15... Bd4 {[%clk 1:11:15]} 16. Rab1 { [%clk
1:11:40]} 16... Qa3 {[%clk 1:07:54]} 17. Nf3 {[%clk 1:11:23]} 17... Bc3 { [%clk
1:07:25]} 18. Rb3 {[%clk 1:07:12]} 18... Qxa5 {[%clk 1:06:13]} 19. Bxh7+ {[%clk
1:07:41]} 19... Kf8 {[%clk 1:06:30]} 20. Ng5 {[%clk 1:02:12]} 20... Bxe1 {[%clk
0:55:54]} 21. Qh5 {[%clk 1:02:41]} 21... Bxf2+ {[%clk 0:54:07]} 22. Kxf2 {[%clk
1:03:09]} 22... Qd2+ {[%clk 0:54:19]} 23. Kf1 {[%clk 1:03:35]} 1/2-1/2